<?xml version="1.0" encoding="UTF-8"?>
<record
    xmlns:xsi="http://www.w3.org/2001/XMLSchema-instance"
    xsi:schemaLocation="http://www.loc.gov/MARC21/slim http://www.loc.gov/standards/marcxml/schema/MARC21slim.xsd"
    xmlns="http://www.loc.gov/MARC21/slim">

  <leader>00845nam a2200229Ia 4500</leader>
  <controlfield tag="003">OSt</controlfield>
  <controlfield tag="005">20260217124340.0</controlfield>
  <controlfield tag="008">210210b1966   xxu||||| |||| 00| 0 eng d</controlfield>
  <datafield tag="040" ind1=" " ind2=" ">
    <subfield code="c">AL</subfield>
  </datafield>
  <datafield tag="041" ind1=" " ind2=" ">
    <subfield code="a">Kannada</subfield>
  </datafield>
  <datafield tag="082" ind1=" " ind2=" ">
    <subfield code="a">H491.3 VARM</subfield>
  </datafield>
  <datafield tag="100" ind1=" " ind2=" ">
    <subfield code="a">VARMA (Ramachandr).</subfield>
    <subfield code="d">&#x935;&#x930;&#x94D;&#x92E;&#x93E; (&#x930;&#x93E;&#x92E;&#x91A;&#x902;&#x926;&#x94D;&#x930;)</subfield>
    <subfield code="9">255260</subfield>
  </datafield>
  <datafield tag="245" ind1=" " ind2=" ">
    <subfield code="a">Manak hindi kosh. (panchva khand) Va-Ha</subfield>
    <subfield code="b">&#x92E;&#x93E;&#x928;&#x915; &#x939;&#x93F;&#x928;&#x94D;&#x926;&#x940; &#x915;&#x94B;&#x936; ((&#x92A;&#x93E;&#x902;&#x91A;&#x935;&#x93E; &#x916;&#x923;&#x94D;&#x921;) &#x935;&#x93E; - &#x939;</subfield>
  </datafield>
  <datafield tag="260" ind1=" " ind2=" ">
    <subfield code="a">Prayag.</subfield>
    <subfield code="b">Hindi Sahithya Sammelan.,</subfield>
    <subfield code="c">1966</subfield>
  </datafield>
  <datafield tag="300" ind1=" " ind2=" ">
    <subfield code="a">6,684</subfield>
  </datafield>
  <datafield tag="440" ind1=" " ind2=" ">
    <subfield code="a">5</subfield>
    <subfield code="9">255261</subfield>
  </datafield>
  <datafield tag="650" ind1=" " ind2=" ">
    <subfield code="a">Va Se Ha tak; thatha do parishishton sahith</subfield>
    <subfield code="9">255263</subfield>
  </datafield>
  <datafield tag="650" ind1=" " ind2=" ">
    <subfield code="a">. (&#x935;&#x93E; &#x906; &#x938;&#x947; &#x939; &#x924;&#x915;; &#x925;&#x93E;&#x925;&#x93E; &#x926;&#x94B; &#x92A;&#x930;&#x93F;&#x936;&#x93F;&#x937;&#x94D;&#x91F;&#x94B;&#x902; &#x938;&#x939;&#x93F;&#x924;) </subfield>
    <subfield code="9">255264</subfield>
  </datafield>
  <datafield tag="690" ind1=" " ind2=" ">
    <subfield code="a">Hindi Dictionary</subfield>
    <subfield code="9">255262</subfield>
  </datafield>
  <datafield tag="906" ind1=" " ind2=" ">
    <subfield code="a">SG02975</subfield>
  </datafield>
  <datafield tag="942" ind1=" " ind2=" ">
    <subfield code="2">ddc</subfield>
    <subfield code="c">BK</subfield>
  </datafield>
  <datafield tag="999" ind1=" " ind2=" ">
    <subfield code="c">114151</subfield>
    <subfield code="d">114151</subfield>
  </datafield>
  <datafield tag="952" ind1=" " ind2=" ">
    <subfield code="0">0</subfield>
    <subfield code="1">0</subfield>
    <subfield code="2">ddc</subfield>
    <subfield code="4">0</subfield>
    <subfield code="7">0</subfield>
    <subfield code="8">HIN</subfield>
    <subfield code="a">AL</subfield>
    <subfield code="b">AL</subfield>
    <subfield code="c">Hindi Language</subfield>
    <subfield code="d">2021-02-17</subfield>
    <subfield code="g">0.00</subfield>
    <subfield code="l">0</subfield>
    <subfield code="o">H491.3 VARM</subfield>
    <subfield code="p">SG02975</subfield>
    <subfield code="r">2021-02-17 00:00:00</subfield>
    <subfield code="w">2021-02-17</subfield>
    <subfield code="y">SG</subfield>
  </datafield>
</record>
